[Event "RSA-chT U20A"]
[Site "Boksburg"]
[Date "2018.12.19"]
[Round "6.4"]
[White "Sass, Franco"]
[Black "Lekalakala, Ernest"]
[Result "0-1"]
[WhiteElo "918"]
[BlackElo "1820"]
[PlyCount "58"]
[EventDate "2018.12.16"]
[EventType "team-tourn"]
[EventRounds "7"]
[EventCountry "RSA"]
[SourceTitle "EXT 2020"]
[Source "ChessBase"]
[SourceDate "2019.10.17"]
[SourceVersion "1"]
[SourceVersionDate "2019.10.17"]
[SourceQuality "1"]
[WhiteTeam "Eden District U20"]
[BlackTeam "Tshwane U20"]
[WhiteTeamCountry "RSA"]
[BlackTeamCountry "RSA"]

1. d4 Nf6 2. e3 g6 3. c4 c5 4. Nf3 Bg7 5. Be2 0-0 6. Bd2 Ne4 7. Nc3 f5 8. Bd3 Nxd2 9. Qxd2 cxd4 10. exd4 Nc6 11. d5 Ne5 12. Nxe5 Bxe5 13. 0-0 e6 14. Rfe1 Qc7 15. g3 f4 16. Nb5 Qb8 17. Qe2 fxg3 18. hxg3 Bxg3 19. fxg3 Qxg3+ 20. Kh1 Rf2 21. Qxf2 Qxf2 22. Be4 a6 23. Rf1 Qh4+ 24. Kg1 Qxe4 25. Nd6 Qg4+ 26. Kh1 Qh3+ 27. Kg1 Qg3+ 28. Kh1 Qxd6 29. Rf2 b5 0-1

[Event "RSA-chT U20"]
[Site "Boksburg"]
[Date "2018.01.08"]
[Round "7.3"]
[White "Ramatseliso, Thabiso"]
[Black "Lekalakala, Ernest"]
[Result "0-1"]
[WhiteElo "1552"]
[BlackElo "1861"]
[PlyCount "70"]
[EventDate "2018.01.04"]
[EventType "team-tourn"]
[EventRounds "7"]
[EventCountry "RSA"]
[SourceTitle "CBM 182 Extra"]
[Source "ChessBase"]
[SourceDate "2018.02.23"]
[SourceVersion "1"]
[SourceVersionDate "2018.02.23"]
[SourceQuality "1"]
[WhiteTeam "Ekurhuleni U20"]
[BlackTeam "Tshwane U20"]
[WhiteTeamCountry "RSA"]
[BlackTeamCountry "RSA"]

1. c4 g6 2. g3 Bg7 3. Bg2 e5 4. Nc3 Ne7 5. Nf3 Nbc6 6. a3 a5 7. 0-0 0-0 8. Rb1 f5 9. d3 d6 10. b4 e4 11. Nxe4 fxe4 12. dxe4 axb4 13. axb4 Be6 14. Qc2 Ne5 15. Nxe5 Bxe5 16. Bh6 Rf7 17. f4 Bd4+ 18. Kh1 Ra3 19. Bg5 Qc8 20. Bxe7 Rxe7 21. f5 Bf7 22. f6 Re5 23. Rbd1 Rc3 24. Qb2 c5 25. bxc5 dxc5 26. Qb6 Re6 27. Qa5 Ra6 28. Qb5 Bxc4 29. f7+ Bxf7 30. Rb1 Rf6 31. Rxf6 Bxf6 32. e5 Bxe5 33. Bxb7 Qf5 34. Bg2 Qg5 35. Rf1 Rc1 0-1